| 000 | 00660nam a2200145Ia 4500 | ||
|---|---|---|---|
| 008 | 170221s9999 xx 000 0 und d | ||
| 100 | _aLinar G. Akhmetov | ||
| 245 | _aSelective Support for the Development of Regional Vocational Education Services: the Russian Experience | ||
| 245 | _cLinar G. Akhmetov, Natalia A. Khramova, Anna V. Sychenkova, Alexey D. Chudnovskiy, Natalya B. Pugacheva, Andrey A. Pavlushin, Marina V. Varlamova, Victoriya A. Khilsher | ||
| 260 | _bInternational Review of Management and Marketing | ||
| 260 | _cMay 2013 | ||
| 300 | _a2:2 | ||
| 650 | _xMarketing. | ||
| 856 | _uhttp://www.econjournals.com/index.php/irmm/issue/view/71 | ||
| 999 |
_c310357 _d310357 |
||